|
|
|
|
| LEADER |
03259nam a22005175i 4500 |
| 001 |
978-3-319-43679-1 |
| 003 |
DE-He213 |
| 005 |
20161025051547.0 |
| 007 |
cr nn 008mamaa |
| 008 |
161025s2016 gw | s |||| 0|eng d |
| 020 |
|
|
|a 9783319436791
|9 978-3-319-43679-1
|
| 024 |
7 |
|
|a 10.1007/978-3-319-43679-1
|2 doi
|
| 040 |
|
|
|d GrThAP
|
| 050 |
|
4 |
|a TJ807-830
|
| 072 |
|
7 |
|a THX
|2 bicssc
|
| 072 |
|
7 |
|a TEC031010
|2 bisacsh
|
| 082 |
0 |
4 |
|a 621.042
|2 23
|
| 245 |
1 |
0 |
|a Microbial Enzymes in Bioconversions of Biomass
|h [electronic resource] /
|c edited by Vijai Kumar Gupta.
|
| 264 |
|
1 |
|a Cham :
|b Springer International Publishing :
|b Imprint: Springer,
|c 2016.
|
| 300 |
|
|
|a VIII, 347 p. 50 illus., 20 illus. in color.
|b online resource.
|
| 336 |
|
|
|a text
|b txt
|2 rdacontent
|
| 337 |
|
|
|a computer
|b c
|2 rdamedia
|
| 338 |
|
|
|a online resource
|b cr
|2 rdacarrier
|
| 347 |
|
|
|a text file
|b PDF
|2 rda
|
| 490 |
1 |
|
|a Biofuel and Biorefinery Technologies,
|x 2363-7609 ;
|v 3
|
| 505 |
0 |
|
|a Microbial enzymes for conversion of biomass to bioenergy -- Cellobiohydrolases - Role, Mechanism and Recent developments -- Endo - 1, 4 – β – glucanases: role, applications and recent developments -- The Role and Applications of β-Glucosidases in Biomass Degradation and Bioconversion -- Role and applications of feruloyl esterases in biomass bioconversion -- Endo-β-1,4-xylanase: An overview of recent developments -- Microbial xylanases: Sources, types and their applications -- Mannanase -- The Role and Applications of Xyloglucan Hydrolase in Biomass Degradation/Bioconversion -- Role of mushroom Mn-oxidizing peroxidases in biomass conversion -- Role and application of versatile peroxidase (VP) for utilizing lignocellulose in biorefineries -- Fungal Aryl-alcohol Oxidase in Lignocellulose Degradation and Bioconversion -- Monosaccharide oxygenase.
|
| 520 |
|
|
|a This volume summarizes our current knowledge on different biomass-converting enzymes and their potential use in converting biomass into simple sugar to generate bioenergy and other value added co-/by products. It consists of 13 chapters and is divided into three parts: cellulases; hemicellulases; and lignocellulose oxidoreductases. Written by international experts, the contributions offer clear and concise descriptions of both standard and new technologies. It is an invaluable reference resource for undergraduates, post-graduates, researchers and practitioners in the field of microbial enzymes for biofuel and biorefinery applications.
|
| 650 |
|
0 |
|a Energy.
|
| 650 |
|
0 |
|a Renewable energy resources.
|
| 650 |
|
0 |
|a Enzymology.
|
| 650 |
|
0 |
|a Electric power production.
|
| 650 |
|
0 |
|a Renewable energy sources.
|
| 650 |
|
0 |
|a Alternate energy sources.
|
| 650 |
|
0 |
|a Green energy industries.
|
| 650 |
1 |
4 |
|a Energy.
|
| 650 |
2 |
4 |
|a Renewable and Green Energy.
|
| 650 |
2 |
4 |
|a Enzymology.
|
| 650 |
2 |
4 |
|a Energy Technology.
|
| 700 |
1 |
|
|a Gupta, Vijai Kumar.
|e editor.
|
| 710 |
2 |
|
|a SpringerLink (Online service)
|
| 773 |
0 |
|
|t Springer eBooks
|
| 776 |
0 |
8 |
|i Printed edition:
|z 9783319436777
|
| 830 |
|
0 |
|a Biofuel and Biorefinery Technologies,
|x 2363-7609 ;
|v 3
|
| 856 |
4 |
0 |
|u http://dx.doi.org/10.1007/978-3-319-43679-1
|z Full Text via HEAL-Link
|
| 912 |
|
|
|a ZDB-2-ENE
|
| 950 |
|
|
|a Energy (Springer-40367)
|